Cultural anthropology : (Record no. 21182)
[ view plain ]
| 000 -LEADER | |
|---|---|
| fixed length control field | 01506cam a22003015a 4500 |
| 001 - CONTROL NUMBER | |
| control field | 016556407 |
| 003 - CONTROL NUMBER IDENTIFIER | |
| control field | OSt |
| 005 - DATE AND TIME OF LATEST TRANSACTION | |
| control field | 20181115110550.0 |
| 008 - FIXED-LENGTH DATA ELEMENTS--GENERAL INFORMATION | |
| fixed length control field | 131202t2014 enka frb 001 0 eng d |
| 020 ## - INTERNATIONAL STANDARD BOOK NUMBER | |
| International Standard Book Number | 9781292027555 (paperback) |
| 020 ## - INTERNATIONAL STANDARD BOOK NUMBER | |
| International Standard Book Number | 129202755X (paperback) |
| 040 ## - CATALOGING SOURCE | |
| Original cataloging agency | Uk |
| Language of cataloging | eng |
| Transcribing agency | Uk |
| Modifying agency | EG-ScBUE |
| -- | EG-ScBUE |
| 082 04 - DEWEY DECIMAL CLASSIFICATION NUMBER | |
| Classification number | 306 |
| Item number | SCU |
| Edition number | 22 |
| 100 1# - MAIN ENTRY--PERSONAL NAME | |
| Personal name | Scupin, Raymond. |
| 9 (RLIN) | 39378 |
| 245 10 - TITLE STATEMENT | |
| Title | Cultural anthropology : |
| Remainder of title | a global perspective / |
| Statement of responsibility, etc | Raymond Scupin. |
| 250 ## - EDITION STATEMENT | |
| Edition statement | 8th ed., Pearson new international ed. |
| 260 ## - PUBLICATION, DISTRIBUTION, ETC. (IMPRINT) | |
| Place of publication, distribution, etc | Harlow : |
| Name of publisher, distributor, etc | Pearson Education Limited, |
| Date of publication, distribution, etc | c.2014. |
| 300 ## - PHYSICAL DESCRIPTION | |
| Extent | ii, 472 p. : |
| Other physical details | ill. ; |
| Dimensions | 28 cm. |
| 500 ## - GENERAL NOTE | |
| General note | Includes student access code : Mylabs. |
| 504 ## - BIBLIOGRAPHY, ETC. NOTE | |
| Bibliography, etc | Includes bibliographical references and index. |
| 505 0# - FORMATTED CONTENTS NOTE | |
| Formatted contents note | GlossaryChapter 1 Intro to AnthropologyChapter 2 Human EvolutionChapter 3 CultureChapter 4 Process of EnculturationChapter 5 LanguageChapter 6 Anthropological ExplanationsChapter 7 Analyzing Socio SystemsChapter 8 Band SocietiesChapter 9 TribesChapter 10 ChiefdomsChapter 11 Agricultural StatesChapter 12 Industrial StatesChapter 13 Indigenous SocietiesChapter 14 Globalization in Latin America, Africa & Carribean Chapter 15 Globalization in Middle East and AsiaChapter 16 Race and EthnicityChapter 17 Applied TechnologyChapter 18 Contemporary Global Trends<br/> |
| 650 #7 - SUBJECT ADDED ENTRY--TOPICAL TERM | |
| Topical term or geographic name as entry element | Ethnology. |
| Source of heading or term | BUEsh |
| 9 (RLIN) | 27833 |
| 651 ## - SUBJECT ADDED ENTRY--GEOGRAPHIC NAME | |
| Source of heading or term | BUEsh |
| 653 ## - INDEX TERM--UNCONTROLLED | |
| Resource For college | BAEPS, Business Administration |
| Arrived date list | February2016 |
| -- | November2018 |
| 653 ## - INDEX TERM--UNCONTROLLED | |
| Resource For college | Nursing |
| Arrived date list | November2016 |
| 655 ## - INDEX TERM--GENRE/FORM | |
| Form subdivision | Text book |
| 942 ## - ADDED ENTRY ELEMENTS (KOHA) | |
| Source of classification or shelving scheme | Dewey Decimal Classification |
| Withdrawn status | Item status | Source of classification or shelving scheme | Damaged status | Not for loan | Vendor | Home library | Current library | Shelving location | Date acquired | Source of acquisition | Cost, normal purchase price | Serial Enumeration / chronology | Total Checkouts | Total Renewals | Full call number | Barcode | Date last seen | Date last borrowed | Cost, replacement price | Koha item type |
|---|---|---|---|---|---|---|---|---|---|---|---|---|---|---|---|---|---|---|---|---|
| Dewey Decimal Classification | Academic Bookshop | Central Library | Central Library | First floor | 17/02/2016 | Purchase | 330.00 | 4873 | 5 | 17 | 306 SCU | 000031609 | 15/07/2025 | 13/03/2018 | 412.50 | Book - Borrowing | ||||
| Dewey Decimal Classification | Baccah | Central Library | Central Library | First floor | 13/11/2016 | Purchase | 352.00 | 25145 | 6 | 64 | 306 SCU | 000034737 | 15/07/2025 | 21/03/2017 | 440.00 | Book - Borrowing | ||||
| Dewey Decimal Classification | Baccah | Central Library | Central Library | First floor | 15/11/2018 | Purchase | 550.00 | 306 SCU | 000043952 | 18/08/2021 | NB - Book (Non borrowing) | |||||||||
| Dewey Decimal Classification | Baccah | Central Library | Central Library | First floor | 15/11/2018 | Purchase | 550.00 | 306 SCU | 000043953 | 18/08/2021 | NB - Book (Non borrowing) | |||||||||
| Dewey Decimal Classification | Baccah | Central Library | Central Library | First floor | 15/11/2018 | Purchase | 306 SCU | 000043954 | 18/08/2021 | Book - Borrowing |